<?xml version="1.0" encoding="UTF-8"?>
<record
    xmlns:xsi="http://www.w3.org/2001/XMLSchema-instance"
    xsi:schemaLocation="http://www.loc.gov/MARC21/slim http://www.loc.gov/standards/marcxml/schema/MARC21slim.xsd"
    xmlns="http://www.loc.gov/MARC21/slim">

  <leader>00885nam a22001577a 4500</leader>
  <controlfield tag="003">OSt</controlfield>
  <controlfield tag="005">20160614151354.0</controlfield>
  <controlfield tag="008">160614b        xxu||||| |||| 00| 0 eng d</controlfield>
  <datafield tag="040" ind1=" " ind2=" ">
    <subfield code="c">RUA</subfield>
  </datafield>
  <datafield tag="082" ind1=" " ind2=" ">
    <subfield code="a">AGR KRI 2013 B474 Or.1</subfield>
  </datafield>
  <datafield tag="100" ind1=" " ind2=" ">
    <subfield code="9">8415</subfield>
    <subfield code="a">KRISNA DARAVITOU; &#x1782;&#x17D2;&#x179A;&#x17B9;&#x17C7;&#x179F;&#x17D2;&#x1793;&#x17B6; &#x178F;&#x17B6;&#x179A;&#x17B6;&#x179C;&#x17B7;&#x1791;&#x17BC;</subfield>
  </datafield>
  <datafield tag="245" ind1=" " ind2=" ">
    <subfield code="a">Comparison of chemical biocin-f and manure fertilizer on green mustard (Brassica juncea) at crop station in the royal university of agriculture; &#x1780;&#x17B6;&#x179A;&#x1794;&#x17D2;&#x179A;&#x17C0;&#x1794;&#x1792;&#x17C0;&#x1794;&#x1780;&#x1798;&#x17D2;&#x179A;&#x17B7;&#x178F;&#x1787;&#x17B8;&#x1782;&#x17B8;&#x1798;&#x17B8; &#x1787;&#x17B8; Biocin-f &#x1793;&#x17B7;&#x1784;&#x1787;&#x17B8;&#x179B;&#x17B6;&#x1798;&#x1780;&#x1798;&#x17B6;&#x1793;&#x17CB;&#x179B;&#x17BE;&#x178A;&#x17C6;&#x178E;&#x17B6;&#x17C6;&#x179F;&#x17D2;&#x1796;&#x17C3;&#x1781;&#x17C0;&#x179C;&#x1793;&#x17C5;&#x179F;&#x17D2;&#x1790;&#x17B6;&#x1793;&#x17B8;&#x1799;&#x17CF;&#x1796;&#x17B7;&#x179F;&#x17C4;&#x1792;&#x1793;&#x17CF;&#x178A;&#x17C6;&#x178E;&#x17B6;&#x17C6;&#x1793;&#x17C3;&#x179F;&#x17B6;&#x1780;&#x179B;&#x179C;&#x17B7;&#x1791;&#x17D2;&#x1799;&#x17B6;&#x179B;&#x17D0;&#x1799;&#x1797;&#x17BC;&#x1798;&#x17B7;&#x1793;&#x17D2;&#x1791;&#x1780;&#x179F;&#x17B7;&#x1780;&#x1798;&#x17D2;&#x1798;</subfield>
  </datafield>
  <datafield tag="260" ind1=" " ind2=" ">
    <subfield code="a">Phnom Penh</subfield>
    <subfield code="b">RUA</subfield>
    <subfield code="c">2013</subfield>
  </datafield>
  <datafield tag="300" ind1=" " ind2=" ">
    <subfield code="a">xi;35p.</subfield>
    <subfield code="b">ill.</subfield>
    <subfield code="c">29cm.</subfield>
  </datafield>
  <datafield tag="942" ind1=" " ind2=" ">
    <subfield code="2">ddc</subfield>
    <subfield code="c">AGR</subfield>
  </datafield>
  <datafield tag="999" ind1=" " ind2=" ">
    <subfield code="c">8060</subfield>
    <subfield code="d">8060</subfield>
  </datafield>
  <datafield tag="952" ind1=" " ind2=" ">
    <subfield code="0">0</subfield>
    <subfield code="1">0</subfield>
    <subfield code="2">ddc</subfield>
    <subfield code="4">0</subfield>
    <subfield code="6">AGR_KRI_2013_000000000000000_B474_OR_1</subfield>
    <subfield code="7">0</subfield>
    <subfield code="9">45785</subfield>
    <subfield code="a">LBB</subfield>
    <subfield code="b">LBB</subfield>
    <subfield code="c">B474</subfield>
    <subfield code="d">2016-06-14</subfield>
    <subfield code="l">1</subfield>
    <subfield code="o">AGR KRI 2013 B474 Or.1</subfield>
    <subfield code="p">RUA057019</subfield>
    <subfield code="r">2017-02-14</subfield>
    <subfield code="s">2017-02-06</subfield>
    <subfield code="w">2016-06-14</subfield>
    <subfield code="y">AGR</subfield>
  </datafield>
  <datafield tag="952" ind1=" " ind2=" ">
    <subfield code="0">0</subfield>
    <subfield code="1">0</subfield>
    <subfield code="2">ddc</subfield>
    <subfield code="4">0</subfield>
    <subfield code="6">AGR_KRI_2013_000000000000000_B474_OR_2</subfield>
    <subfield code="7">0</subfield>
    <subfield code="9">45786</subfield>
    <subfield code="a">LBB</subfield>
    <subfield code="b">LBB</subfield>
    <subfield code="c">B474</subfield>
    <subfield code="d">2016-06-14</subfield>
    <subfield code="o">AGR KRI 2013 B474 Or.2</subfield>
    <subfield code="p">RUA057012</subfield>
    <subfield code="r">2016-06-14</subfield>
    <subfield code="w">2016-06-14</subfield>
    <subfield code="y">AGR</subfield>
  </datafield>
  <datafield tag="952" ind1=" " ind2=" ">
    <subfield code="0">0</subfield>
    <subfield code="1">0</subfield>
    <subfield code="2">ddc</subfield>
    <subfield code="4">0</subfield>
    <subfield code="6">AGR_KRI_2013_000000000000000_B474_OR_3</subfield>
    <subfield code="7">0</subfield>
    <subfield code="9">45787</subfield>
    <subfield code="a">LBB</subfield>
    <subfield code="b">LBB</subfield>
    <subfield code="c">B474</subfield>
    <subfield code="d">2016-06-14</subfield>
    <subfield code="o">AGR KRI 2013 B474 Or.3</subfield>
    <subfield code="p">RUA057072</subfield>
    <subfield code="r">2016-06-14</subfield>
    <subfield code="w">2016-06-14</subfield>
    <subfield code="y">AGR</subfield>
  </datafield>
  <datafield tag="952" ind1=" " ind2=" ">
    <subfield code="0">0</subfield>
    <subfield code="1">0</subfield>
    <subfield code="2">ddc</subfield>
    <subfield code="4">0</subfield>
    <subfield code="6">AGR_KRI_2013_000000000000000_B474_OR_4</subfield>
    <subfield code="7">0</subfield>
    <subfield code="9">45788</subfield>
    <subfield code="a">LBB</subfield>
    <subfield code="b">LBB</subfield>
    <subfield code="c">B474</subfield>
    <subfield code="d">2016-06-14</subfield>
    <subfield code="o">AGR KRI 2013 B474 Or.4</subfield>
    <subfield code="p">RUA057395</subfield>
    <subfield code="r">2016-06-14</subfield>
    <subfield code="w">2016-06-14</subfield>
    <subfield code="y">AGR</subfield>
  </datafield>
  <datafield tag="952" ind1=" " ind2=" ">
    <subfield code="0">0</subfield>
    <subfield code="1">0</subfield>
    <subfield code="2">ddc</subfield>
    <subfield code="4">0</subfield>
    <subfield code="6">AGR_KRI_2013_000000000000000_B474_OR_5</subfield>
    <subfield code="7">0</subfield>
    <subfield code="9">45789</subfield>
    <subfield code="a">LBB</subfield>
    <subfield code="b">LBB</subfield>
    <subfield code="c">B474</subfield>
    <subfield code="d">2016-06-14</subfield>
    <subfield code="l">1</subfield>
    <subfield code="o">AGR KRI 2013 B474 Or.5</subfield>
    <subfield code="p">RUA057403</subfield>
    <subfield code="r">2017-08-21</subfield>
    <subfield code="s">2017-08-16</subfield>
    <subfield code="w">2016-06-14</subfield>
    <subfield code="y">AGR</subfield>
  </datafield>
  <datafield tag="952" ind1=" " ind2=" ">
    <subfield code="0">0</subfield>
    <subfield code="1">0</subfield>
    <subfield code="2">ddc</subfield>
    <subfield code="4">0</subfield>
    <subfield code="6">AGR_KRI_2013_000000000000000_B474_OR_6</subfield>
    <subfield code="7">0</subfield>
    <subfield code="9">45790</subfield>
    <subfield code="a">LBB</subfield>
    <subfield code="b">LBB</subfield>
    <subfield code="c">B474</subfield>
    <subfield code="d">2016-06-14</subfield>
    <subfield code="o">AGR KRI 2013 B474 Or.6</subfield>
    <subfield code="p">RUA057577</subfield>
    <subfield code="r">2016-06-14</subfield>
    <subfield code="w">2016-06-14</subfield>
    <subfield code="y">AGR</subfield>
  </datafield>
  <datafield tag="952" ind1=" " ind2=" ">
    <subfield code="0">0</subfield>
    <subfield code="1">0</subfield>
    <subfield code="2">ddc</subfield>
    <subfield code="4">0</subfield>
    <subfield code="6">AGR_KRI_2013_000000000000000_B474_OR_7</subfield>
    <subfield code="7">0</subfield>
    <subfield code="9">45791</subfield>
    <subfield code="a">LBB</subfield>
    <subfield code="b">LBB</subfield>
    <subfield code="c">B474</subfield>
    <subfield code="d">2016-06-14</subfield>
    <subfield code="l">1</subfield>
    <subfield code="o">AGR KRI 2013 B474 Or.7</subfield>
    <subfield code="p">RUA057229</subfield>
    <subfield code="r">2016-10-10</subfield>
    <subfield code="s">2016-09-19</subfield>
    <subfield code="w">2016-06-14</subfield>
    <subfield code="y">AGR</subfield>
  </datafield>
  <datafield tag="952" ind1=" " ind2=" ">
    <subfield code="0">0</subfield>
    <subfield code="1">0</subfield>
    <subfield code="2">ddc</subfield>
    <subfield code="4">0</subfield>
    <subfield code="6">AGR_KRI_2013_000000000000000_B474_OR_8</subfield>
    <subfield code="7">0</subfield>
    <subfield code="9">45792</subfield>
    <subfield code="a">LBB</subfield>
    <subfield code="b">LBB</subfield>
    <subfield code="c">B474</subfield>
    <subfield code="d">2016-06-14</subfield>
    <subfield code="o">AGR KRI 2013 B474 Or.8</subfield>
    <subfield code="p">RUA059238</subfield>
    <subfield code="r">2016-06-14</subfield>
    <subfield code="w">2016-06-14</subfield>
    <subfield code="y">AGR</subfield>
  </datafield>
  <datafield tag="952" ind1=" " ind2=" ">
    <subfield code="0">0</subfield>
    <subfield code="1">0</subfield>
    <subfield code="2">ddc</subfield>
    <subfield code="4">0</subfield>
    <subfield code="6">AGR_KRI_2013_000000000000000_B691_OR_1</subfield>
    <subfield code="7">0</subfield>
    <subfield code="9">86948</subfield>
    <subfield code="a">LBB</subfield>
    <subfield code="b">LBB</subfield>
    <subfield code="c">B691</subfield>
    <subfield code="d">2021-09-29</subfield>
    <subfield code="o">AGR KRI 2013 B691 Or.1</subfield>
    <subfield code="p">A09706</subfield>
    <subfield code="r">2021-09-29</subfield>
    <subfield code="w">2021-09-29</subfield>
    <subfield code="y">AGR</subfield>
  </datafield>
  <datafield tag="952" ind1=" " ind2=" ">
    <subfield code="0">0</subfield>
    <subfield code="1">0</subfield>
    <subfield code="2">ddc</subfield>
    <subfield code="4">0</subfield>
    <subfield code="6">AGR_KRI_2013_000000000000000_B287_OR_1</subfield>
    <subfield code="7">0</subfield>
    <subfield code="9">87823</subfield>
    <subfield code="a">LBB</subfield>
    <subfield code="b">LBB</subfield>
    <subfield code="c">B283</subfield>
    <subfield code="d">2021-12-07</subfield>
    <subfield code="o">AGR KRI 2013 B287 Or.1</subfield>
    <subfield code="p">A10145</subfield>
    <subfield code="r">2021-12-07</subfield>
    <subfield code="w">2021-12-07</subfield>
    <subfield code="y">AGR</subfield>
  </datafield>
</record>
